| 000 | 00466nam a2200181Ia 4500 | ||
|---|---|---|---|
| 008 | 240925s9999 xx 000 0 und d | ||
| 020 | _a9789386243522 | ||
| 082 | _a700.4112 WAL | ||
| 100 | _aWallace, Jeff | ||
| 245 | 0 | _aBeginning Modernism | |
| 250 | _aNA | ||
| 260 |
_aNew Delhi: _bViva Books _c,2017. |
||
| 300 |
_a564p. _bNA _fOriginal |
||
| 500 | _aIncludes Index | ||
| 600 | _aHumanities & Natural Science | ||
| 650 | _aArts and Recreation | ||
| 942 | _cBK | ||
| 999 |
_c16207 _d16207 |
||